Predictive modelling and analysis of reference evapotranspiration using machine learning techniques (Record no. 111925)

MARC details
000 -LEADER
fixed length control field 00594nam a22001697a 4500
005 - DATE AND TIME OF LATEST TRANSACTION
control field 20241231142758.0
008 - FIXED-LENGTH DATA ELEMENTS--GENERAL INFORMATION
fixed length control field 231116b |||||||| |||| 00| 0 eng d
080 ## - UNIVERSAL DECIMAL CLASSIFICATION NUMBER
Universal Decimal Classification number 004.85:551.573
Item number SOW/P T
100 ## - MAIN ENTRY--PERSONAL NAME
Personal name Sowmya M.R.
245 ## - TITLE STATEMENT
Title Predictive modelling and analysis of reference evapotranspiration using machine learning techniques
260 ## - PUBLICATION, DISTRIBUTION, ETC. (IMPRINT)
Name of publisher, distributor, etc Department of Computer Applications, CUSAT
Place of publication, distribution, etc Kochi
Date of publication, distribution, etc 2022
300 ## - PHYSICAL DESCRIPTION
Extent xxi,205p.
653 ## - INDEX TERM--UNCONTROLLED
Uncontrolled term Evapotranspiration-Machine learning Techniques
700 ## - ADDED ENTRY--PERSONAL NAME
Personal name Guided by Santosh Kumar M.B.
700 ## - ADDED ENTRY--PERSONAL NAME
Personal name Co-Guided by Sooraj K. Ambat
942 ## - ADDED ENTRY ELEMENTS (KOHA)
item type Under processing
Holdings
Lost status Source of classification or shelving scheme Not for loan Home library Current library Date acquired Total Checkouts Full call number Barcode Date last seen Price effective from Koha item type
  Universal Decimal Classification Not For Loan University Library University Library 16/11/2023   004.85:551.573 SOW/P T T0002002 16/11/2023 16/11/2023 Theses
University Library, CUSAT